| 000 | 00962nam a2200241 i 4500 | ||
|---|---|---|---|
| 001 | 67093 | ||
| 003 | ES-MaACL | ||
| 005 | 20250825002913.0 | ||
| 007 | t| | ||
| 008 | 040505s2000 sp |||| | spa d | ||
| 080 | _a655.4(460.27 M.)"15/17" | ||
| 100 | 1 |
_aPrieto Bernabé, José Manuel. _993914 |
|
| 245 | 1 | 3 |
_aEl consumo del libro en torno a la Plaza de la Puerta del Sol (siglos XVI-XVIII) / _cpor José Manuel Prieto Bernabé. |
| 260 |
_aMadrid : _bAyuntamiento, Primera Tenencia de Alcaldía : _bInstituto de Estudios Madrileños, _c2000. |
||
| 300 |
_a32 p. ; _c21 cm. |
||
| 490 | 1 |
_aCiclo de conferencias: La Plaza de la Puerta del Sol ; _v13 |
|
| 594 | _aPrecede al tít.: Centro Mesonero Romanos. | ||
| 650 | 1 | 7 |
_aLibros- _xComercio- _zMadrid _2 _9163412 |
| 710 | 2 |
_aInstituto de Estudios Madrileños _94916 |
|
| 830 | 0 |
_aCiclo de conferencias: La Plaza de la Puerta del Sol ; _v13 _9183085 |
|
| 852 |
_aES-MaACL _j2173-F-9 |
||
| 999 |
_c67093 _d67093 |
||